| 000 | 01653nam a2200313 i 4500 | ||
|---|---|---|---|
| 001 | 82040 | ||
| 003 | ES-MaACL | ||
| 005 | 20250420125331.0 | ||
| 007 | t| | ||
| 008 | 041116s1892 sp |||| | spa d | ||
| 080 | _a910.4(81)"15/16" | ||
| 100 | 1 |
_aReparaz, Gonzalo de, _d1860-1939 _9131716 |
|
| 245 | 1 | 3 |
_aEl Brasil _b: descubrimiento, colonización e influencia en la península / _cconferencia de D. Gonzalo de Reparaz, leída el día 21 de mayo de 1892. |
| 260 |
_aMadrid : _b[s.n.], _c1892 ( _fEstab. Tip. "Sucesores de Rivadeneyra") |
||
| 300 |
_a48 p. ; _c25 cm. |
||
| 594 | _aPrecede al tít.: Ateneo de Madrid. | ||
| 594 | _aForma parte de: "El continente americano : conferencias dadas en el Ateneo Científico, Literario y Artístico de Madrid con motivo del Cuarto Centenario del Descubrimiento de América". Madrid, 1894; tít. que agrupa todas las conferencias del ciclo en 3 v.; cada una de ellas con port. y año propios. Esta publicación pertenece al v. 2. | ||
| 610 | 2 | 4 |
_aAteneo de Madrid- _vConferencias- _yS.XIX. _91910 |
| 610 | 2 | 4 |
_aAteneo de Madrid- _vObras digitalizadas. _91930 |
| 651 | 4 |
_aBrasil- _xDescubrimientos y exploraciones. _9172934 |
|
| 651 | 4 |
_aBrasil- _xHistoria- _y1548-1822, Época colonial. _9172675 |
|
| 740 | 3 | 2 | _aEl continente americano. |
| 852 |
_aES-MaACL _jR-2604(8) |
||
| 852 |
_aES-MaACL _j2152-F-17 _cDEPOF _zRevisado enlace: 20 de Abril de 2025 |
||
| 856 |
_uhttp://www.ateneodemadrid.com/biblioteca_digital/folletos/Folletos-0045.pdf _yVer documento |
||
| 856 |
_uhttp://bdh-rd.bne.es/viewer.vm?id=0000253281&page=1 _yBiblioteca Digital Hispánica |
||
| 942 | _2udc | ||
| 999 |
_c82040 _d82040 |
||